00482nam a2200169Ia 4500003000900000008004100009020001800050040001600068080002500084245007900109260003500188300001500223650001600238650001900254650001900273700002000292IN-BaIIA211028s9999 xx 000 0 eng d a0-12-014646-0 cIIA Library a047.1:621.38bAEE-46 0aAdvances in Electronics and Electron Physicsbvol. 46cedited by L. Marton aNew YorkbAcademic Pressc1978 axii, 404p. aElectronics aElectrophysics aNASA Thesaurus aMarton, L., ed.